Name All 7 BTS Members' Real Names - Statistics

General Stats
  • This quiz has been taken 106 times
  • The average score is 6 of 7
Answer Stats
Answer % Correct
Kim Namjoon
97%
Jeon Jungkook
94%
Park Jimin
92%
Kim Taehyung
91%
Min Yoongi
90%
Kim Seokjin
89%
Jung Hoseok
88%
No matching quizzes found
Score Distribution
Percent of People with Each Score
Percentile by Number Answered
Your Score History
You have not taken this quiz